Soil and land characteristics of rubber (Hevea brasiliensis) growing tracts of Karnataka and their suitability for rubber cultivation (Record no. 68815)

MARC details
000 -LEADER
fixed length control field 01950nam a2200205Ia 4500
100 ## - MAIN ENTRY--AUTHOR NAME
Personal name Dhanorkar B A
245 #0 - TITLE STATEMENT
Title Soil and land characteristics of rubber (Hevea brasiliensis) growing tracts of Karnataka and their suitability for rubber cultivation
260 ## - PUBLICATION, DISTRIBUTION, ETC. (IMPRINT)
Name of publisher Journal of Plantation Crops
Year of publication 2010
300 ## - PHYSICAL DESCRIPTION
Number of Pages 201-206
520 ## - SUMMARY, ETC.
Summary, etc Eight pedon locations representing different rubber growing tracts of Karnataka were selected to study variations in soil, climate and productivity of plantations (latex yield). These pedons were analysed to study their physical and chemical properties. Leaf nutrient status was also determined from same site. Rubber growing soils of Dakshina Kannada and Udupi district were grouped under order Ultisols and classified as Ustic Kandihumults, Rhodic Kandiustults and Typic Kandiustults. Soils from Kodagu district were grouped under order Inceptisols and classified as Oxic Dystrustepts. All the pedon sites studied are moderately acidic with pH ranging from 5.1 to 5.9. The organic carbon content varied from 3.7 to 24.8 g/kg-1. The surface layers in general recorded higher amount of organic carbon. The cation exchange capacity varied from 2.2 to 9.9 cmol (P+) kg-1. Exchangeable Ca, Mg, K and Na are very low and are present in the following order Ca > Mg > K > Na. Available nitrogen status was medium where as available phosphorous in general was low. Available potassium dominantly was low. Sulphur status was adequate to high. The leaves of rubber plantations were low in N and K. P content was low to medium in range. Magnesium and calcium content was medium to high. Micronutrients like Fe, Cu, Mn, and Zn were adequate.
650 ## - SUBJECT ADDED ENTRY--TOPICAL TERM
Topical Term Dry period
650 ## - SUBJECT ADDED ENTRY--TOPICAL TERM
Topical Term Foliar analysis
650 ## - SUBJECT ADDED ENTRY--TOPICAL TERM
Topical Term Land qualities
650 ## - SUBJECT ADDED ENTRY--TOPICAL TERM
Topical Term Land suitability
650 ## - SUBJECT ADDED ENTRY--TOPICAL TERM
Topical Term Soil classification
700 ## - ADDED ENTRY--PERSONAL NAME
Personal name Ananathanarayana R
700 ## - ADDED ENTRY--PERSONAL NAME
Personal name Naidu L G K
942 ## - ADDED ENTRY ELEMENTS (KOHA)
Koha item type Journals
Holdings
Withdrawn status Lost status Damaged status Not for loan Home library Current library Shelving location Date acquired Serial Enumeration / chronology Koha item type
      Journals RRII Library RRII Library Agronomy 01/01/2021 Volume 38, Issue 3 Journals